000 00640nam a2200193 a 4500
001 58815
005 20180714055544.0
008 140415s2012 mx 000 0 spa d
020 _a9786077592693
041 _aspa
082 _a262.91
_bARA
100 1 _aARANGUREN GONZALO, LUIS
245 1 3 _aEL VOLUNTARIADO SOCIAL :
_b¿ENCANTAMIENTO O ESTANCAMIENTO?
250 _a2a ed.
260 _aMEXICO :
_bIMDOSOC,
_c2012
300 _a20
_cx 21.5
490 _aCOL. ARCHIVO MOTOLINIA
650 1 4 _aLIBERTAD RELIGIOSA
_xRELIGION Y SOCIOLOGIA
_xRELIGION
_xHISTORIA
_xMEXICO
_xIGLESIA Y PROBLEMAS SOCIALES MEXICO HISTORIA SIGLO XX
999 _c58815
_d58815